Methodological Basis of Trademark Valuation in Slovakia

Zhodnotenie teoretických otázok oceňovania ochranných známok v kontexte Slovenska a sveta. Porovnanie rozdielov. Snahy o zavedenie jednotného prístupu.

Na minha lista:
Detalhes bibliográficos
Autor principal: Štetka, Peter, 1986-
Outros Autores: Grisáková, Nora, 1978-
Formato: Capítulo de Livro
Idioma:eslovaco
Assuntos:
Tags: Adicionar Tag
Sem tags, seja o primeiro a adicionar uma tag!

MARC

LEADER 00000naa$a2200000$$$4500
001 0254522
005 20240502074053.2
041 0 |a slo 
044 |a SK 
245 1 0 |a Methodological Basis of Trademark Valuation in Slovakia  |c Peter Štetka, Nora Grisáková 
520 |a Zhodnotenie teoretických otázok oceňovania ochranných známok v kontexte Slovenska a sveta. Porovnanie rozdielov. Snahy o zavedenie jednotného prístupu. 
610 2 0 |a známky ochranné 
610 2 0 |a metodológia 
610 2 0 |a Slovensko 
610 2 0 |a vlastníctvo duševné 
610 2 0 |a účtovníctvo 
610 2 0 |a hodnota 
100 1 |a Štetka, Peter, 1986- 
700 1 |a Grisáková, Nora, 1978-